000 00275nam a22001337a 4500
008 170802b xxu||||| |||| 00| 0 eng d
020 _a2900335242398
041 _aeng
080 _a004
100 _a32
101 _aSHKI
245 _aSPSS
_cPALLANT, J
942 _2udc
_cBK
999 _c22475
_d22475